000 00254nam a2200097Ia 4500
001 686715
005 20250826161542.0
008 250824s9999 xx 000 0 und d
245 0 _aOnüç Günün Mektupları
_cCEMAL SÜREYA
260 _bYAPI KREDİ YAYINLARI
999 _c686715
_d686715